000 004850000a22001930004500
001 002454
003 MACL
005 20150916104959.0
008 150916b xxu||||| |||| 00| 0 eng d
040 _aMACL
_cMACL
041 _aEnglish
082 _a800/BOS
100 _aBose, Sujit
_911404
245 _aAngloI̜ndian Literature
_bEssays on
_cSujit Bose
260 _aNew Delhi
_c2004
_bNorthern Book Centre,
350 _a300
650 _aLiterature
_911405
942 _k800
_cBK
_2ddc
999 _c14366
_d14366